00487cam a22001457a 4500008004100000020002200041050002400063100002200087245006100109246001300170260003700183300004200220504006000262700001900322020516s2002 nyua bc 001 0deng d a0789308037 (pbk.)00aND653.G7 bA4 2002a1 aGogh, Vincent van14aThe portable Van Gogh /cwith an essay by Robert Hughes.18aVan Gogh aNew York, NY :bUniverse,c2002. a430 p. :bchiefly col. ill. ;c20 cm. aIncludes bibliographical references (p. 418) and index.1 aHughes, Robert